=LDR 00000nam 2200000 4500 =001 INLIS000000000049860 =005 20200217022945 =035 ##$$a 0010-041700000000050 =008 200217###########################0###### =020 ##$$a 978-979-17856-4-8 =040 ##$$a NBPDMAT =082 ##$$a 398.359 865 1 =084 ##$$a 398.359 865 1 Nur n =100 ##$$a NURWAHIDAH =245 1#$$a Nilai Religius, Etika dan Sosial dalam Cerita Cupak Gerantang / Nurwahidah =260 ##$$a Mataram :$b Insan Madani Intitusi,$c 2014 =300 ##$$a xii, 130 hlm. ; $c 21 cm. =440 ##$$a CERITA RAKYAT- SASAK =500 ##$$a Biografi : hlm 130 =850 ##$$a NBPDMAT =990 ##$$a 077/46/2017 =990 ##$$a 077/46/2017 =990 ##$$a 077/46/2017 =990 ##$$a 077/46/2017 =990 ##$$a 077/46/2017